20 drapeaux du monde ; Couleurs Inversées #1 - Statistiques

Statistiques générales
  • Ce quiz a été pris 93 fois
  • Le résultat moyen est 15 sur 20
Statistiques - réponses
Par images Réponse % Correct
Croatie
99%
Norvège
96%
Panama
94%
Canada
93%
Kenya
92%
Corée du Sud
90%
Macédoine
88%
Chili
87%
Bhoutan
86%
Malte
86%
Bangladesh
85%
Slovénie
85%
Serbie
77%
Allemagne
68%
Philippinnes
65%
Eswatini
64%
Laos
60%
Bulgarie
51%
Ghana
46%
Bolivie
23%
Aucun quiz correspondant
Distribution des résultats
% des personnes avec chaque résultat
Percentile par nombre de réponses
Votre historique - résultats
Vous n’avez pas pris ce quiz